Ecology and management of soilborne plant pathogens

সংরক্ষণ করুন:
গ্রন্থ-পঞ্জীর বিবরন
বিন্যাস: গ্রন্থ
ভাষা:Undetermined
প্রকাশিত: USA The American Phytopathological Society 1985
বিষয়গুলি:
ট্যাগগুলো: ট্যাগ যুক্ত করুন
কোনো ট্যাগ নেই, প্রথমজন হিসাবে ট্যাগ করুন!
Thư viện lưu trữ: Trung tâm Học liệu Trường Đại học Cần Thơ
LEADER 00473nam a2200157Ia 4500
001 CTU_29925
008 210402s9999 xx 000 0 und d
082 |a 574.2 
082 |b E19 
245 0 |a Ecology and management of soilborne plant pathogens 
260 |a USA 
260 |b The American Phytopathological Society 
260 |c 1985 
650 |a plants - ecology,plants - pathology 
904 |i Liên, 981223 
980 |a Trung tâm Học liệu Trường Đại học Cần Thơ